000
00201nam a2200085Ia 4500
008
170617s9999 xx 000 0 und d
100
_a
gupta Prabhankar
245
0
_a
Advanced Mathamatics
260
_b
Meerut Pragati
260
_c
2008
999
_c
15448
_d
15448